000 00210nam a2200085Ia 4500
245 0 _aRecycling
100 _a MORRIS, Neil London, 2009
_985664
942 _cBK
008 210817s9999 xx 000 0 und d
999 _c321131
_d321130